| 000 | 00718nam a22002057a 4500 | ||
|---|---|---|---|
| 003 | AM-YeHGA | ||
| 005 | 20250617153748.0 | ||
| 008 | 180115b1948 sah||||| |||| 00| 0 rus d | ||
| 040 | _aAM-YeHGA | ||
| 041 | 1 |
_arus _hsah |
|
| 100 | 1 | _aОмоллон, Суорун | |
| 245 | 1 | 0 |
_aЧечёски/ _cСуорун Омоллон; Пер. с якут. З.К. Захаровой: |
| 260 |
_aЯкутск: _bГосиздат ЯАССР, _c1948: |
||
| 300 |
_a52 с. _bпортр. |
||
| 440 | 1 | _aБиблиотечка якутской Советской литературы | |
| 650 | 1 | 4 | _aЯкуиская литература |
| 700 | 1 |
_aЗахаров, З.К. _eпер. _4trl |
|
| 942 |
_2udc _cBK |
||
| 090 | _c399542 | ||
| 999 |
_c397445 _d397445 |
||